India Briefing / (Record no. 164748)

MARC details
000 -LEADER
fixed length control field 00455nam a22001697a 4500
005 - DATE AND TIME OF LATEST TRANSACTION
control field 20190525165057.0
010 ## - LCCN (DPL NO)
LC control number B-088311
020 ## - INTERNATIONAL STANDARD BOOK NUMBER
International Standard Book Number 8187879009
035 ## - SYSTEM CONTROL NUMBER
System control number B-088311
037 ## - SOURCE OF ACQUISITION
Source of stock number/acquisition Aakar Publication
082 ## - DEWEY DECIMAL CLASSIFICATION NUMBER
Classification number 954
100 ## - MAIN ENTRY--PERSONAL NAME
Personal name Bouton, Marashall
245 ## - TITLE STATEMENT
Title India Briefing /
Statement of responsibility, etc Marshall Bouton
260 ## - PUBLICATION, DISTRIBUTION, ETC. (IMPRINT)
Place of publication, distribution, etc Delhi
Name of publisher, distributor, etc Aakar Publication
Date of publication, distribution, etc 2001
300 ## - PHYSICAL DESCRIPTION
Extent 324p (it inculde index)
Dimensions 24cm (hbk)
942 ## - ADDED ENTRY ELEMENTS (KOHA)
Source of classification or shelving scheme Dewey Decimal Classification
Item type English Books
Classification part 954
Call number suffix IND
Holdings
Withdrawn status Lost status Not for loan Collection code Home library Current library Date acquired Full call number Barcode Koha item type
      Non-fiction Sarojini Nagar Sarojini Nagar 25/05/2019 954 IND B-088311 English Books

© Delhi Public Library
Hit Counter
free hit counter